000 00315pam a2200133 a 4500
020 _c
041 _h
082 _a927.92
100 _aCHAPLIN (C)
_eauthor
245 _aMy Autobiography
_hTextual Document
260 _bPenguin Books India Pvt. Ltd. New Delhi , London
_c1996
300 _a493
930 _a7375
999 _c836780
_d836780